Sri raghukulamandhu bytti-hamsadwani Part 1 : (Record no. 45231)

MARC details
000 -LEADER
fixed length control field 01082njm a22002417a 4500
005 - DATE AND TIME OF LATEST TRANSACTION
control field 20100910100728.0
007 - PHYSICAL DESCRIPTION FIXED FIELD--GENERAL INFORMATION
fixed length control field sd ammalaaahaa
008 - FIXED-LENGTH DATA ELEMENTS--GENERAL INFORMATION
fixed length control field 100910t xxu||||| |||| 00| 0 hin d
028 ## - PUBLISHER NUMBER
Publisher number ECPL. 2349
Source His Master's Voice
035 ## - SYSTEM CONTROL NUMBER
System control number GR-01751
040 ## - CATALOGING SOURCE
Original cataloging agency SED/VEN
100 ## - MAIN ENTRY--PERSONAL NAME
Personal name Radha
9 (RLIN) 1184
245 ## - TITLE STATEMENT
Title Sri raghukulamandhu bytti-hamsadwani Part 1 :
Statement of responsibility, etc by Radha [and] Jayalakshmi
Medium [sound recording] :
Remainder of title Classical
246 ## - VARYING FORM OF TITLE
Title proper/short title श्री रघुकुलामंधू ब्य्त्ति -हम्सद्वानी (राधा और जयलक्ष्मी)
260 ## - PUBLICATION, DISTRIBUTION, ETC. (IMPRINT)
Place of publication, distribution, etc Dum Dum, India
Name of publisher, distributor, etc His Master's Voice
Date of publication, distribution, etc 1967
300 ## - PHYSICAL DESCRIPTION
Extent 1 sound disc [Gramophone record] :
Other physical details analog, 33. 1/3 rpm
Dimensions 10 in.
Type of unit Gramophone record
500 ## - GENERAL NOTE
General note Brief record.
505 ## - FORMATTED CONTENTS NOTE
Formatted contents note Part 2 Vara Raaga Layagnulu (Jayalakshmi) वारा राग लायाग्नुलू
650 ## - SUBJECT ADDED ENTRY--TOPICAL TERM
Topical term or geographic name as entry element Classical Music
General subdivision Excerpts
Geographic subdivision India
9 (RLIN) 19315
700 ## - ADDED ENTRY--PERSONAL NAME
Personal name Jayalakshmi
9 (RLIN) 19539
942 ## - ADDED ENTRY ELEMENTS (KOHA)
Source of classification or shelving scheme Dewey Decimal Classification
Item type Gramaphone Records
Holdings
Withdrawn status Lost status Source of classification or shelving scheme Damaged status Not for loan Home library Current library Date acquired Source of acquisition Total Checkouts Barcode Date last seen Copy number Price effective from Koha item type
    Dewey Decimal Classification   Not For Loan Central Library Central Library 10/09/2010 SED/VEN   GR-01751 10/09/2010 1 10/09/2010 Gramaphone Records

© Delhi Public Library
Hit Counter
free hit counter